| 000 | 00387 a2200157 4500 | ||
|---|---|---|---|
| 003 | Nust | ||
| 005 | 20170207163755.0 | ||
| 040 | _cNust | ||
| 082 | _a050 | ||
| 100 | _aMuhammad Ilyas Chishti | ||
| 245 |
_aNustXtra _bCo-Curricular Activities Supplement 2012-2013 |
||
| 260 |
_aPakistan _bNUST _c2012-2013 |
||
| 300 | _a85 p | ||
| 538 | _aAlmirah No.137 Shelf No.5 | ||
| 650 | _aTotal Copys (12) | ||
| 942 | _cMAGS | ||
| 999 |
_c208123 _d208123 |
||